Harry Potter Quiz Stats

 Plays Quiz not verified by Sporcle

Challenge
Share
Tweet
Embed
Score 0/37 Timer 10:00
0 Plays Today
Clue Character % Correct
????
100%
????
94.1%
????
92.4%
????
84.9%
????
82.4%
????
78.2%
????
78.2%
????
75.6%
????
75.6%
????
75.6%
????
75.6%
????
75.6%
????
75.6%
????
74.8%
????
72.3%
????
69.7%
????
68.9%
????
47.1%
????
46.2%
Clue Character % Correct
????
44.5%
????
42.9%
????
39.5%
????
38.7%
????
37.8%
????
37.8%
????
30.8%
????
29.7%
????
28.6%
????
20.9%
????
20.9%
????
15.4%
????
14.3%
????
14.3%
????
14.3%
????
14.3%
????
14.3%
????
14.3%

You're not logged in!

Compare scores with friends on all Sporcle quizzes.
OR
Log In

You Might Also Like...

Show Comments

Extras

Created Jan 16, 2012ReportNominate
Tags:Harry Potter Quiz

Top Quizzes Today


Score Distribution

Your Account Isn't Verified!

In order to create a playlist on Sporcle, you need to verify the email address you used during registration. Go to your Sporcle Settings to finish the process.

Report this User

Report this user for behavior that violates our Community Guidelines.

Details: